पपईची लागवड व्यापार. (Record no. 253685)

MARC details
000 -LEADER
fixed length control field 00667nam a2200181Ia 4500
008 - FIXED-LENGTH DATA ELEMENTS--GENERAL INFORMATION
fixed length control field 090630s9999 xx 000 0 und d
082 ## - DEWEY DECIMAL CLASSIFICATION NUMBER
Item number 1829
100 ## - MAIN ENTRY--PERSONAL NAME
Personal name चौधरी बनवरीलाल.
245 ## - TITLE STATEMENT
Title पपईची लागवड व्यापार.
Statement of responsibility, etc चौधरी बनवरीलाल.
260 ## - PUBLICATION, DISTRIBUTION, ETC. (IMPRINT)
Name of publisher, distributor, etc उद्यम.
Date of publication, distribution, etc 1968
300 ## - PHYSICAL DESCRIPTION
Extent 64
600 ## - SUBJECT ADDED ENTRY--PERSONAL NAME
Personal name चौधरी बनवरीलाल.
630 ## - SUBJECT ADDED ENTRY--UNIFORM TITLE
Uniform title पपईची लागवड व्यापार.
655 ## - INDEX TERM--GENRE/FORM
Genre/form data or focus term इतर.
700 ## - ADDED ENTRY--PERSONAL NAME
Personal name चौधरी बनवरीलाल.
730 ## - ADDED ENTRY--UNIFORM TITLE
Uniform title पपईची लागवड व्यापार.
942 ## - ADDED ENTRY ELEMENTS (KOHA)
Koha item type Book
Holdings
Withdrawn status Lost status Damaged status Not for loan Home library Current library Date acquired Cost, normal purchase price Total Checkouts Full call number Barcode Date last seen Cost, replacement price Price effective from Koha item type
        Sarvajanik Wachanalaya Shrivardhan Sarvajanik Wachanalaya Shrivardhan 02/08/2004 2.00   1829 SAWASHRI-1829 06/30/2009 2.00 06/30/2009 Book